Most Touchdowns in Super Bowl History (Player) - Statistics

General Stats
  • This quiz has been taken 8 times
  • The average score is 6 of 9
Answer Stats
Hint Answer % Correct
SF Jerry Rice
100%
DAL Emmitt Smith
86%
DEN John Elway
71%
NE Rob Gronkowski
71%
BUF Thurman Thomas
71%
PHI Jalen Hurts
57%
PIT Franco Harris
43%
SF Roger Craig
43%
NE James White
14%
No matching quizzes found
Score Distribution
Percent of People with Each Score
Percentile by Number Answered
Your Score History
You have not taken this quiz